[Event "OLNN 2223 SC Königsspringer HH - SK Joh"]
[Site "?"]
[Date "2023.02.26"]
[Round "6.3"]
[White "Keyser, Robin"]
[Black "Borgmeyer, Max"]
[Result "1-0"]
[WhiteElo "2138"]
[BlackElo "2208"]
[PlyCount "47"]
[EventDate "2023.??.??"]

1. d4 Nf6 2. c4 e6 3. g3 Bb4+ 4. Bd2 Be7 5. Bg2 d5 6. Nf3 c6 7. Qc2 b6 8. O-O Ba6 9. b3 O-O 10. Rd1 Nbd7 11. Bf4 Rc8 12. Nc3 Nh5 13. Bc1 f5 14. a4 Nhf6 15. Ng5 dxc4 16. Nxe6 Qe8 17. Nxf8 Bxf8 18. bxc4 Bxc4 19. Qxf5 Bb4 20. Bd2 Bxc3 21. Bxc3 g6 22. Qc2 Qf7 23. Re1 c5 24. Qd2 1-0

[Event "OLNN 2223 SC Königsspringer HH - SK Joh"]
[Site "?"]
[Date "2023.02.26"]
[Round "6.4"]
[White "Wagner, Friedrich"]
[Black "von Gleich, Alexander"]
[Result "0-1"]
[WhiteElo "2144"]
[BlackElo "2248"]
[PlyCount "62"]
[EventDate "2023.??.??"]

1. c4 e6 2. Nf3 d5 3. e3 Nf6 4. b3 Be7 5. Bb2 O-O 6. Nc3 c5 7. cxd5 exd5 8. d4 Nc6 9. Be2 Bg4 10. dxc5 Bxc5 11. O-O a6 12. Rc1 Ba7 13. Na4 Ne4 14. Bxa6 bxa6 15. Rxc6 Ng5 16. h4 Nxf3+ 17. gxf3 Bh3 18. Re1 Qxh4 19. Be5 Bb8 20. Bxb8 Raxb8 21. Qxd5 Rbe8 22. Nc5 Re7 23. Rd1 Rxe3 24. Nd3 Rfe8 25. Rc4 Qh6 26. fxe3 Qg6+ 27. Rg4 Bxg4 28. Kf2 Qf6 29. Rg1 Rd8 30. Qe4 Bf5 31. Rxg7+ Kxg7 0-1

[Event "OLNN 2223 SC Königsspringer HH - SK Joh"]
[Site "?"]
[Date "2023.02.26"]
[Round "6.5"]
[White "Schroeder, Christoph"]
[Black "Langmann, Markus"]
[Result "1-0"]
[WhiteElo "2136"]
[BlackElo "2072"]
[PlyCount "93"]
[EventDate "2023.??.??"]

1. e4 e6 2. d4 d5 3. Nc3 dxe4 4. Nxe4 Be7 5. Nf3 Nd7 6. Bd3 Ngf6 7. Qe2 O-O 8. Bg5 c5 9. O-O-O cxd4 10. Nxd4 Nxe4 11. Bxe7 Qxe7 12. Qxe4 g6 13. h4 Nc5 14. Qe3 Nxd3+ 15. Rxd3 e5 16. h5 g5 17. h6 f6 18. Nb5 Be6 19. Rhd1 a6 20. Nc3 Rac8 21. Rd6 Rc4 22. Qb6 Kf7 23. Rxe6 Qxe6 24. Qxb7+ Ke8 25. Qxh7 Rd4 26. Rh1 Rd7 27. Qg6+ Qf7 28. Qe4 Qh7 29. Qa8+ Kf7 30. Qxa6 Rfd8 31. a4 Rd2 32. Qc4+ Kf8 33. Qe4 Qd7 34. Qg6 Rxf2 35. h7 Qd2+ 36. Kb1 Ke7 37. h8=Q Rxh8 38. Rxh8 Rf1+ 39. Ka2 Qxg2 40. Re8+ Kd6 41. Qd3+ Kc6 42. Re6+ Kc5 43. Qd6+ Kc4 44. b3+ Kxc3 45. Qd3+ Kb4 46. Qc4+ Ka5 47. Ra6# 1-0

[Event "OLNN 2223 SC Königsspringer HH - SK Joh"]
[Site "?"]
[Date "2023.02.26"]
[Round "6.6"]
[White "Lampe, Joerg"]
[Black "Behrhorst, Frank"]
[Result "1/2-1/2"]
[WhiteElo "2108"]
[BlackElo "2219"]
[PlyCount "61"]
[EventDate "2023.??.??"]

1. e4 Nf6 2. e5 Nd5 3. d4 d6 4. Bc4 Nb6 5. Bb3 dxe5 6. Qh5 e6 7. dxe5 Nc6 8. Nf3 h6 9. O-O g6 10. Qg4 Bg7 11. Bf4 Na5 12. Nc3 Bd7 13. Ne4 Nxb3 14. axb3 Bc6 15. Nf6+ Bxf6 16. exf6 Bxf3 17. Qxf3 Qxf6 18. Qg3 O-O 19. Bxh6 Rfe8 20. Bg5 Qf5 21. Qh4 Kg7 22. Qh6+ Kg8 23. Qh4 Kg7 24. Qh6+ Kg8 25. Ra5 Nd5 26. Ra4 Qe5 27. c4 Ne7 28. Ra5 Qg7 29. Qxg7+ Kxg7 30. Bxe7 Rxe7 31. Rd1 1/2-1/2

[Event "OLNN 2223 SC Königsspringer HH - SK Joh"]
[Site "?"]
[Date "2023.02.26"]
[Round "6.7"]
[White "Wirthgen, Peter"]
[Black "Hloskovsky, Andrei"]
[Result "1/2-1/2"]
[WhiteElo "2109"]
[BlackElo "2067"]
[PlyCount "73"]
[EventDate "2023.??.??"]

1. d4 Nf6 2. c4 a6 3. Nc3 c5 4. d5 b5 5. cxb5 axb5 6. e3 b4 7. Nb5 d6 8. Nf3 g6 9. Bc4 Bg7 10. Qe2 O-O 11. h3 Nbd7 12. e4 Nb6 13. Bd3 e6 14. dxe6 Bxe6 15. Bf4 c4 16. Bb1 c3 17. bxc3 Bc4 18. Bd3 Bxb5 19. Bxb5 Nh5 20. Bd2 bxc3 21. Bg5 Qc7 22. Rc1 h6 23. Be3 d5 24. e5 d4 25. Bxd4 Nf4 26. Qe4 Nbd5 27. O-O Rxa2 28. g3 Rb8 29. gxf4 Rxb5 30. f5 gxf5 31. Qxf5 Ra6 32. Kh1 Rg6 33. Rg1 Ne7 34. Qe4 Qc6 35. Qxc6 Nxc6 36. Rxg6 fxg6 37. Bxc3 1/2-1/2

[Event "OLNN 2223 SC Königsspringer HH - SK Joh"]
[Site "?"]
[Date "2023.02.26"]
[Round "6.8"]
[White "Raider, Eugen"]
[Black "Schueler, Hendrik"]
[Result "1-0"]
[WhiteElo "2036"]
[BlackElo "2067"]
[PlyCount "87"]
[EventDate "2023.??.??"]

1. e4 e6 2. Nf3 d5 3. e5 Bd7 4. a3 a5 5. b3 c5 6. c3 Nc6 7. d4 a4 8. b4 c4 9. Be2 b5 10. h4 h6 11. h5 Qc7 12. g4 O-O-O 13. Nh4 Nge7 14. f4 f6 15. Be3 Be8 16. Qc2 fxe5 17. fxe5 Rd7 18. Nd2 Nd8 19. O-O-O Rg8 20. Ndf3 g5 21. hxg6 Nxg6 22. Qd2 Nxh4 23. Rxh4 Nf7 24. Rg1 Qd8 25. Rh2 Ng5 26. Nxg5 hxg5 27. Rgh1 Rdg7 28. Bd1 Be7 29. Rh6 Bg6 30. Bc2 Kd7 31. Bxg6 Rxg6 32. Rxg6 Rxg6 33. Rh7 Qf8 34. Qh2 Rg7 35. Rh8 Qf7 36. Ra8 Qf1+ 37. Kb2 Qd3 38. Qh8 Qe2+ 39. Kb1 Qd1+ 40. Bc1 Qb3+ 41. Ka1 Qxc3+ 42. Bb2 Qe1+ 43. Ka2 Bf8 44. Qxf8 1-0

[Event "OLNN 2223 Lübecker SV - Schachfreunde H"]
[Site "?"]
[Date "2023.03.19"]
[Round "7.1"]
[White "Nedic, Dusan"]
[Black "Kalinitschew, Sergey"]
[Result "1-0"]
[WhiteElo "2310"]
[BlackElo "2391"]
[PlyCount "79"]
[EventDate "2023.??.??"]

1. d4 Nf6 2. c4 e6 3. g3 c5 4. d5 exd5 5. cxd5 d6 6. Nc3 g6 7. Nf3 Bg7 8. Bg2 O-O 9. O-O Re8 10. h3 Nbd7 11. Qc2 a6 12. a4 Rb8 13. a5 b5 14. axb6 Nxb6 15. e4 Bd7 16. Rd1 Bb5 17. Bf4 Rb7 18. e5 dxe5 19. Nxe5 Nh5 20. Nc6 Qf6 21. Nxb5 Nxf4 22. gxf4 axb5 23. d6 Kh8 24. Ne5 Qxf4 25. d7 Rd8 26. Nd3 Qc4 27. Qxc4 bxc4 28. Bxb7 cxd3 29. Ra6 Nc4 30. Rxd3 Nxb2 31. Ra8 Bf6 32. Rd6 Kg7 33. Rxd8 Bxd8 34. Rc6 Kf8 35. Rxc5 Nd3 36. Rc4 Ne5 37. Rd4 f5 38. f4 Nf7 39. Kg2 Ke7 40. Bc6 1-0

[Event "OLNN 2223 Lübecker SV - Schachfreunde H"]
[Site "?"]
[Date "2023.03.19"]
[Round "7.2"]
[White "Kreuzholz, Michael"]
[Black "Ritscher, Jan-Paul"]
[Result "1/2-1/2"]
[WhiteElo "2328"]
[BlackElo "2243"]
[PlyCount "106"]
[EventDate "2023.??.??"]

1. e4 Nf6 2. e5 Nd5 3. d4 d6 4. c4 Nb6 5. f4 dxe5 6. fxe5 Nc6 7. Be3 Bf5 8. Nc3 e6 9. Nf3 Bg4 10. Be2 Bxf3 11. gxf3 Qh4+ 12. Bf2 Qf4 13. c5 Nd7 14. Ne4 Be7 15. Qb3 O-O-O 16. O-O f5 17. exf6 gxf6 18. Qxe6 Rhg8+ 19. Kh1 Rde8 20. Qc4 f5 21. Ng3 Bh4 22. d5 Qxc4 23. Bxc4 Nce5 24. Bb5 a6 25. Bxd7+ Kxd7 26. Nxf5 Bxf2 27. Rxf2 Nd3 28. Rc2 Re5 29. c6+ Kc8 30. cxb7+ Kxb7 31. Ng3 Rxd5 32. Ne4 Rg7 33. Rd1 Nf4 34. Rxd5 Nxd5 35. Rd2 c6 36. Rg2 Re7 37. Rg8 Nb4 38. a3 Nd3 39. b4 Ne1 40. Rf8 Kc7 41. Nc5 Re3 42. Rf7+ Kd8 43. f4 h5 44. Kg1 Rxa3 45. f5 Ke8 46. Rh7 Nf3+ 47. Kf2 Nxh2 48. Rxh5 Ng4+ 49. Ke2 Kf7 50. Rh4 Kf6 51. Rxg4 Kxf5 52. Rg8 a5 53. Rf8+ Kg4 1/2-1/2

[Event "OLNN 2223 Lübecker SV - Schachfreunde H"]
[Site "?"]
[Date "2023.03.19"]
[Round "7.3"]
[White "Hermesmann, Hans"]
[Black "Schmidt, Harald"]
[Result "1-0"]
[WhiteElo "2219"]
[BlackElo "2354"]
[PlyCount "49"]
[EventDate "2023.??.??"]

1. d4 c5 2. d5 e6 3. c4 b5 4. e4 bxc4 5. Bxc4 Ba6 6. Bxa6 Nxa6 7. Nc3 Nf6 8. Nf3 exd5 9. exd5 Bd6 10. O-O Nc7 11. Re1+ Kf8 12. Bg5 h6 13. Bxf6 gxf6 14. Ne4 Ne8 15. Rc1 Be5 16. d6 Bxb2 17. Rxc5 Ba3 18. Rd5 Bb4 19. Re3 Rc8 20. h3 Ng7 21. Nd4 Ne6 22. Rf5 Rc4 23. Nxe6+ dxe6 24. Rxf6 Bc3 25. Rxf7+ 1-0

[Event "OLNN 2223 Lübecker SV - Schachfreunde H"]
[Site "?"]
[Date "2023.03.19"]
[Round "7.4"]
[White "Christ, Ralf"]
[Black "Bokelbrink, Uwe"]
[Result "1/2-1/2"]
[WhiteElo "2241"]
[BlackElo "2224"]
[PlyCount "104"]
[EventDate "2023.??.??"]

1. Nf3 c5 2. c4 e6 3. Nc3 Nf6 4. g3 b6 5. Bg2 Bb7 6. O-O Be7 7. b3 O-O 8. Bb2 d6 9. d4 Nbd7 10. Qd2 a6 11. Rfd1 Qc7 12. Rac1 Rfe8 13. Ne1 Bxg2 14. Nxg2 Qb7 15. d5 b5 16. Ne3 Bf8 17. Qc2 e5 18. f3 g6 19. Rb1 b4 20. Na4 Nh5 21. Ng2 f5 22. e4 fxe4 23. fxe4 Bh6 24. Bc1 Bxc1 25. Rbxc1 Ndf6 26. Ne3 Qg7 27. Rf1 Rf8 28. Rce1 Qh6 29. Nb2 Qg5 30. Qg2 Ng4 31. Nxg4 Qxg4 32. Nd1 a5 33. Nf2 Qd7 34. Nh3 h6 35. Rxf8+ Rxf8 36. Rf1 Nf6 37. Nf2 Kg7 38. h3 a4 39. Nd3 axb3 40. axb3 Ra8 41. Qf3 Nh7 42. h4 Rf8 43. Qg2 Rxf1+ 44. Kxf1 Nf6 45. Nf2 Ng4 46. Nxg4 Qxg4 47. Kf2 h5 48. Ke1 g5 49. Kf2 Qd1 50. Qf3 Qd2+ 51. Qe2 Qd4+ 52. Qe3 Qb2+ 1/2-1/2

[Event "OLNN 2223 Lübecker SV - Schachfreunde H"]
[Site "?"]
[Date "2023.03.19"]
[Round "7.5"]
[White "Zimmermann, Martin"]
[Black "Ehrke, Michael"]
[Result "1/2-1/2"]
[WhiteElo "2134"]
[BlackElo "2149"]
[PlyCount "41"]
[EventDate "2023.??.??"]

1. d4 d5 2. Nf3 Bf5 3. e3 e6 4. c4 c6 5. Nc3 Nd7 6. Be2 h6 7. b3 Ngf6 8. Bb2 Ne4 9. a3 Bd6 10. h3 Qf6 11. Bd3 Ng5 12. Bxf5 Qxf5 13. Qe2 Nf6 14. Rc1 Nge4 15. Nxe4 Nxe4 16. Nd2 Nxd2 17. Qxd2 O-O 18. O-O Rad8 19. Qc2 e5 20. cxd5 cxd5 21. dxe5 1/2-1/2

[Event "OLNN 2223 Lübecker SV - Schachfreunde H"]
[Site "?"]
[Date "2023.03.19"]
[Round "7.6"]
[White "Lampe, Dirk"]
[Black "Mix, Clemens"]
[Result "1/2-1/2"]
[WhiteElo "2154"]
[BlackElo "2029"]
[PlyCount "80"]
[EventDate "2023.??.??"]

1. e4 c5 2. Nf3 Nc6 3. d4 cxd4 4. Nxd4 Nf6 5. Nc3 e5 6. Ndb5 d6 7. Bg5 a6 8. Na3 b5 9. Nd5 Be7 10. Bxf6 Bxf6 11. c3 O-O 12. Nc2 Rb8 13. h4 g6 14. h5 Bg5 15. Bd3 Be6 16. Nce3 Ne7 17. Bc2 Kg7 18. Qd3 Nxd5 19. Nxd5 f5 20. Rd1 fxe4 21. Qxe4 Bf5 22. Qe2 Qc8 23. hxg6 hxg6 24. Bxf5 Qxf5 25. Ne3 Qe6 26. Qg4 Qxg4 27. Nxg4 b4 28. O-O bxc3 29. bxc3 Rb6 30. Rd3 Rf4 31. Ne3 Ra4 32. Nd5 Rb2 33. Rg3 Bf4 34. Nxf4 exf4 35. Rd3 Raxa2 36. Rxd6 Rc2 37. Rd3 Kf6 38. g3 fxg3 39. Rxg3 a5 40. Rf3+ Kg5 1/2-1/2

[Event "OLNN 2223 Lübecker SV - Schachfreunde H"]
[Site "?"]
[Date "2023.03.19"]
[Round "7.7"]
[White "Gremmel, Jonas Simon"]
[Black "Bosselmann, Tom Linus"]
[Result "0-1"]
[WhiteElo "2066"]
[BlackElo "2101"]
[PlyCount "78"]
[EventDate "2023.??.??"]

1. d4 Nf6 2. Nf3 c5 3. c3 g6 4. dxc5 a5 5. Be3 Bg7 6. h3 Na6 7. a3 Qc7 8. b4 O-O 9. Bd4 Re8 10. g3 e5 11. Be3 Rd8 12. Qd6 Ne4 13. Qxc7 Nxc7 14. Ng5 Nf6 15. Bg2 axb4 16. cxb4 Nfd5 17. Bd2 e4 18. Ra2 f5 19. h4 d6 20. cxd6 Nb5 21. O-O h6 22. Nh3 Be6 23. Rc2 Nd4 24. Rc5 b6 25. Rxd5 Nxe2+ 26. Kh1 Bxd5 27. Nf4 Nxf4 28. Bxf4 Ba2 29. f3 e3 30. Bxe3 Rxd6 31. f4 Re8 32. Bg1 Re2 33. Rc1 Rd3 34. Bxb6 Rb2 35. a4 Rxb4 36. a5 Rxb1 37. Rxb1 Bxb1 38. a6 Rd1+ 39. Kh2 Be4 0-1

[Event "OLNN 2223 Lübecker SV - Schachfreunde H"]
[Site "?"]
[Date "2023.03.19"]
[Round "7.8"]
[White "Koop, Thilo"]
[Black "Kull, Florian"]
[Result "1-0"]
[WhiteElo "2085"]
[BlackElo "2123"]
[PlyCount "67"]
[EventDate "2023.??.??"]

1. e4 e6 2. d4 d5 3. Nd2 h6 4. Ngf3 Nf6 5. e5 Nfd7 6. Bd3 c5 7. c3 Nc6 8. O-O g5 9. b3 g4 10. Ne1 h5 11. Bb2 Qb6 12. dxc5 Nxc5 13. Qe2 Na4 14. Rb1 Nxb2 15. Rxb2 Bg7 16. Bb5 Bd7 17. Bxc6 Bxc6 18. Rc2 O-O-O 19. Nd3 Kb8 20. a4 Bh6 21. Ra1 h4 22. a5 Qa6 23. c4 dxc4 24. bxc4 b6 25. Nb4 Qb7 26. axb6 axb6 27. c5 Bxd2 28. Rxd2 Bxg2 29. c6 Bxc6 30. Rc2 Bf3 31. Na6+ Ka8 32. Nc5+ Kb8 33. Nxb7 Bxe2 34. Nxd8 1-0

[Event "OLNN 2223 SK Johanneum Eppendorf - Hambu"]
[Site "Hamburg"]
[Date "2023.03.19"]
[Round "7.1"]
[White "Gaede, Derek"]
[Black "Wegner, Hannu"]
[Result "1/2-1/2"]
[WhiteElo "2291"]
[BlackElo "2358"]
[PlyCount "65"]
[EventDate "2023.??.??"]

1. d4 Nf6 2. Nf3 d5 3. Bf4 e6 4. e3 Bd6 5. c3 O-O 6. Bd3 c5 7. Bg3 Qc7 8. Bxd6 Qxd6 9. Ne5 b6 10. Qe2 a5 11. Na3 Ba6 12. Nb5 Qe7 13. a4 Rc8 14. O-O Nc6 15. f4 c4 16. Bc2 Bxb5 17. axb5 Na7 18. g4 Nxb5 19. g5 Ne4 20. Bxe4 dxe4 21. Nxc4 Qc7 22. Nxa5 Nxc3 23. bxc3 Qxc3 24. Qe1 bxa5 25. Qxc3 Rxc3 26. Rfb1 h6 27. Kf2 a4 28. Ra2 a3 29. Rb7 Rd3 30. h4 h5 31. g6 fxg6 32. Rc2 a2 33. Rcc7 1/2-1/2

[Event "OLNN 2223 SK Johanneum Eppendorf - Hambu"]
[Site "Hamburg"]
[Date "2023.03.19"]
[Round "7.2"]
[White "Zart, Ruediger"]
[Black "Spiric, Igor"]
[Result "0-1"]
[WhiteElo "2134"]
[BlackElo "2252"]
[PlyCount "81"]
[EventDate "2023.??.??"]

1. e4 e6 2. d4 b6 3. Bd3 Bb7 4. Qe2 d6 5. Nf3 Nd7 6. c4 e5 7. d5 Be7 8. Nc3 Ngf6 9. Nd2 Nf8 10. Bc2 Ng6 11. Ba4+ Kf8 12. g3 h5 13. h4 Nd7 14. b4 a5 15. a3 axb4 16. axb4 c6 17. dxc6 Bxc6 18. Qd1 Nf6 19. Bb2 Bxa4 20. Rxa4 Kg8 21. Nd5 Nxd5 22. cxd5 b5 23. Rxa8 Qxa8 24. Qa1 Qc8 25. Qc1 Qg4 26. Qd1 Qd7 27. Qf3 Bd8 28. Ke2 Rh6 29. Nb3 Ne7 30. Rc1 Bb6 31. Qg2 Rg6 32. Rc2 Qg4+ 33. Qf3 Qh3 34. Nc5 Rf6 35. Qe3 Qg4+ 36. Ke1 dxc5 37. bxc5 Ba5+ 38. Bc3 Rf3 39. Bxa5 Rxe3+ 40. fxe3 Qxe4 41. Rd2 0-1

[Event "OLNN 2223 SK Johanneum Eppendorf - Hambu"]
[Site "Hamburg"]
[Date "2023.03.19"]
[Round "7.3"]
[White "Holinka, Henning"]
[Black "Keyser, Robin"]
[Result "1-0"]
[WhiteElo "2231"]
[BlackElo "2152"]
[PlyCount "61"]
[EventDate "2023.??.??"]

1. e4 e6 2. d4 d5 3. e5 c5 4. c3 Nc6 5. Nf3 Bd7 6. Bd3 Rc8 7. O-O cxd4 8. Re1 dxc3 9. bxc3 Bc5 10. Na3 a6 11. c4 Qa5 12. cxd5 exd5 13. Nc2 Nge7 14. Ng5 Bf5 15. e6 f6 16. Nf7 Bxd3 17. Qxd3 O-O 18. Rb1 Ne5 19. Nxe5 fxe5 20. Be3 Bxe3 21. Nxe3 d4 22. Ng4 Qxa2 23. Rxb7 h5 24. Nh6+ Kh8 25. Nf7+ Rxf7 26. exf7 Qxf7 27. Qa3 Rf8 28. f3 Re8 29. Rxe5 d3 30. Rbxe7 Rxe7 31. Qxe7 1-0

[Event "OLNN 2223 SK Johanneum Eppendorf - Hambu"]
[Site "Hamburg"]
[Date "2023.03.19"]
[Round "7.4"]
[White "von Gleich, Alexander"]
[Black "Hinrichs, Lars"]
[Result "0-1"]
[WhiteElo "2247"]
[BlackElo "2245"]
[PlyCount "58"]
[EventDate "2023.??.??"]

1. Nf3 Nf6 2. c4 b6 3. g3 Bb7 4. Bg2 g6 5. O-O Bg7 6. d4 O-O 7. Qc2 Be4 8. Qb3 Nc6 9. Nbd2 Bf5 10. Qd1 d6 11. d5 Ne5 12. Nxe5 dxe5 13. e4 Bd7 14. b3 Ne8 15. Bb2 Nd6 16. Qe2 e6 17. f4 exd5 18. cxd5 Re8 19. a4 f5 20. Rac1 Rc8 21. fxe5 Bxe5 22. Bxe5 Rxe5 23. Nc4 Nxc4 24. Qxc4 fxe4 25. Bxe4 Bh3 26. d6+ Be6 27. dxc7 Qd6 28. Rfd1 Qxd1+ 29. Rxd1 Bxc4 0-1

[Event "OLNN 2223 SK Johanneum Eppendorf - Hambu"]
[Site "Hamburg"]
[Date "2023.03.19"]
[Round "7.6"]
[White "Wirthgen, Peter"]
[Black "Kotyk, Michael"]
[Result "1/2-1/2"]
[WhiteElo "2122"]
[BlackElo "2018"]
[PlyCount "164"]
[EventDate "2023.??.??"]

1. d4 d5 2. c4 e6 3. Nc3 Nf6 4. cxd5 exd5 5. Bg5 Be7 6. e3 c6 7. Bd3 Nbd7 8. h3 O-O 9. Qc2 Re8 10. Nf3 g6 11. Bf4 Nf8 12. O-O-O Ne6 13. Bh2 c5 14. Kb1 c4 15. Be2 Nc7 16. g4 b5 17. Ne5 b4 18. Nc6 Qd7 19. Ne5 Qd8 20. Nc6 Qd7 21. Ne5 Qe6 22. Na4 Nb5 23. Bf3 c3 24. Ka1 cxb2+ 25. Qxb2 Bb7 26. Nd3 a5 27. Rc1 Ne4 28. Bxe4 dxe4 29. Ndc5 Bxc5 30. Rxc5 Na3 31. Rhc1 Bd5 32. Bc7 Ra6 33. Qe2 Rc6 34. Rxc6 Bxc6 35. Nc5 Qd5 36. Bxa5 Rb8 37. Nb3 Bb5 38. Qd2 Bc4 39. Bxb4 Bxb3 40. Bxa3 Bc4 41. Bb4 Qb5 42. a3 h6 43. Rc3 Qa6 44. Qb2 Be6 45. Rc1 Kh7 46. Qc3 Qb5 47. Bc5 Qa4 48. Rb1 Rxb1+ 49. Kxb1 Qb5+ 50. Kc2 Qf1 51. Qd2 Ba2 52. Qc1 Qxf2+ 53. Kc3 Qe2 54. Kb4 Bd5 55. a4 Qa6 56. a5 Qd3 57. Bb6 Be6 58. Qc3 Qb1+ 59. Kc5 Qa2 60. Kb5 Qd5+ 61. Qc5 Bd7+ 62. Kb4 Qa2 63. Qc7 Be6 64. Kb5 Qe2+ 65. Kc5 Qxe3 66. Kd6 Qf4+ 67. Ke7 Qg5+ 68. Kf8 Qd5 69. Qe5 Qa8+ 70. Ke7 Kg8 71. Kd6 Qf8+ 72. Kc6 Qe8+ 73. Kc5 Qe7+ 74. Qd6 Qg5+ 75. Qe5 Qc1+ 76. Kd6 Qa3+ 77. Kc6 Qa4+ 78. Kd6 Qd7+ 79. Kc5 e3 80. Qxe3 Qd5+ 81. Kb4 Qc4+ 82. Ka3 Qa2+ 1/2-1/2

[Event "OLNN 2223 SK Johanneum Eppendorf - Hambu"]
[Site "Hamburg"]
[Date "2023.03.19"]
[Round "7.7"]
[White "Brinkmann, Fabian"]
[Black "Schueler, Hendrik"]
[Result "1-0"]
[WhiteElo "2180"]
[BlackElo "2067"]
[PlyCount "69"]
[EventDate "2023.??.??"]

1. d4 d5 2. Nf3 c5 3. dxc5 e6 4. c4 Nf6 5. Nc3 Bxc5 6. e3 O-O 7. Qc2 Nc6 8. a3 a6 9. b4 Be7 10. Bb2 dxc4 11. Bxc4 b5 12. Rd1 Qb6 13. Bd3 Bb7 14. O-O Rfd8 15. Ne4 Nxe4 16. Bxe4 f5 17. Qb3 fxe4 18. Qxe6+ Kh8 19. Ne5 Rf8 20. Nf7+ Rxf7 21. Qxf7 Rg8 22. Rd7 Bc8 23. Rd5 Bf8 24. Rh5 Nd8 25. Qe8 Bg4 26. Rg5 Be2 27. Rc1 Qd6 28. Qxe4 Ne6 29. Rd5 Qe7 30. Re1 Bc4 31. Rh5 Ng5 32. Qf5 Qd7 33. Qxg5 Be7 34. Qh6 Bd3 35. e4 1-0

[Event "OLNN 2223 SK Johanneum Eppendorf - Hambu"]
[Site "Hamburg"]
[Date "2023.03.19"]
[Round "7.8"]
[White "Wenzel, Birger"]
[Black "Schumacher, Norbert"]
[Result "1/2-1/2"]
[WhiteElo "2016"]
[BlackElo "2116"]
[PlyCount "97"]
[EventDate "2023.??.??"]

1. d4 Nf6 2. c4 c5 3. d5 b5 4. cxb5 a6 5. e3 g6 6. Nc3 Bg7 7. Nf3 O-O 8. bxa6 d6 9. a4 Bxa6 10. Bxa6 Nxa6 11. O-O Nb4 12. e4 Nd7 13. Re1 Re8 14. Re2 Ra6 15. Nb5 Qb8 16. Ra3 Nb6 17. b3 Na8 18. Qd2 Nc7 19. Nxc7 Qxc7 20. Bb2 Bxb2 21. Qxb2 e6 22. dxe6 Rxe6 23. Ra1 Qe7 24. Qd2 f6 25. Rae1 Ra8 26. Nd4 Re5 27. f4 Rh5 28. Nb5 Rd8 29. Re3 g5 30. Qe2 gxf4 31. Qxh5 fxe3 32. Rxe3 Kh8 33. Qh6 Rf8 34. Rh3 Nc6 35. Nc3 Rf7 36. Qh5 Rg7 37. Qd5 Ne5 38. Ne2 Qd7 39. Kf1 f5 40. Rg3 Rg4 41. h3 Rg6 42. Rxg6 hxg6 43. Nf4 fxe4 44. Qxe4 Qf7 45. Kg1 Qxb3 46. Nxg6+ Nxg6 47. Qxg6 Qxa4 48. Qh6+ Kg8 49. Qg6+ 1/2-1/2

[Event "OLNN 2223 Preetzer TSV - SC Königssprin"]
[Site "?"]
[Date "2023.03.19"]
[Round "7.1"]
[White "Zimmermann, Julian"]
[Black "Pedersen, Steffen"]
[Result "0-1"]
[WhiteElo "2300"]
[BlackElo "2342"]
[PlyCount "64"]
[EventDate "2023.??.??"]

1. d4 d5 2. Bf4 Nf6 3. e3 e6 4. Nf3 Bd6 5. Bg3 c5 6. c3 Qc7 7. Nbd2 Nbd7 8. Bd3 O-O 9. Qe2 e5 10. dxe5 Nxe5 11. Nxe5 Bxe5 12. O-O-O Re8 13. Nf3 Bxg3 14. hxg3 h6 15. Qc2 Qa5 16. Kb1 b5 17. Bf5 b4 18. Bxc8 Raxc8 19. c4 dxc4 20. Qxc4 Re4 21. Qc2 Re6 22. Rh4 Ra6 23. Qc4 Re6 24. Nd4 Rd8 25. Nxe6 Rxd1+ 26. Kc2 Rd6 27. Nxc5 Rc6 28. Kb1 Rxc5 29. Qd3 Rd5 30. Qc4 Nd7 31. Rd4 Nb6 32. Rxd5 Qa4 0-1

[Event "OLNN 2223 Preetzer TSV - SC Königssprin"]
[Site "?"]
[Date "2023.03.19"]
[Round "7.2"]
[White "Moeller, Dustin"]
[Black "Weber, Max"]
[Result "0-1"]
[WhiteElo "2262"]
[BlackElo "2292"]
[PlyCount "118"]
[EventDate "2023.??.??"]

1. e4 c5 2. Nf3 Nc6 3. c3 Nf6 4. e5 Nd5 5. Bc4 e6 6. d4 cxd4 7. cxd4 d6 8. O-O Be7 9. Qe2 O-O 10. Nc3 Nxc3 11. bxc3 dxe5 12. dxe5 Qa5 13. Rb1 b6 14. Qe4 Qa4 15. Qg4 Rd8 16. Bh6 Bf8 17. Bg5 Rd5 18. Qe4 Rc5 19. Bd3 Qxe4 20. Bxe4 Bb7 21. Rfd1 Rc4 22. Bxc6 Bxc6 23. Nd4 Ba4 24. Rd3 h6 25. Bd2 Rd8 26. Rg3 g6 27. Be1 Rd5 28. f4 Bd7 29. h4 h5 30. Rd3 Bc5 31. Bf2 Ra4 32. Rb2 Ba3 33. Rc2 Rc4 34. Re2 Be7 35. Red2 Kf8 36. Ne2 Bc6 37. Rd4 Rdxd4 38. Rxd4 Bd5 39. Kf1 Rc8 40. Rd2 Ke8 41. g3 Bc4 42. Bd4 Bc5 43. Ke1 Bxe2 44. Kxe2 Bxd4 45. cxd4 Rc3 46. Kf2 Ra3 47. Kg2 b5 48. d5 exd5 49. Rxd5 Rxa2+ 50. Kf3 Rb2 51. f5 gxf5 52. Kf4 a5 53. Kg5 Ke7 54. Kxh5 a4 55. Kg5 a3 56. Rd6 a2 57. Ra6 b4 58. h5 b3 59. Ra7+ Ke6 0-1

[Event "OLNN 2223 Preetzer TSV - SC Königssprin"]
[Site "?"]
[Date "2023.03.19"]
[Round "7.3"]
[White "Schmidt, Jan-Peter"]
[Black "Schwarz, Frank"]
[Result "0-1"]
[WhiteElo "2277"]
[BlackElo "2231"]
[PlyCount "56"]
[EventDate "2023.??.??"]

1. Nf3 d5 2. e3 Nf6 3. c4 c6 4. Nc3 e6 5. b3 Bd6 6. Bb2 O-O 7. d4 Nbd7 8. Be2 dxc4 9. bxc4 e5 10. O-O Re8 11. Qc2 e4 12. Nd2 Qe7 13. a4 Nf8 14. a5 Ng6 15. Rfb1 h5 16. c5 Bc7 17. Nc4 Ng4 18. Bxg4 Bxg4 19. Ba3 Qe6 20. Nd6 Bf3 21. Kf1 Bxd6 22. cxd6 Qg4 23. gxf3 exf3 24. Nd1 Nh4 25. Rxb7 Ng2 26. Qa2 Re6 27. Re7 Qh3 28. Rxe6 Qxh2 0-1

[Event "OLNN 2223 Preetzer TSV - SC Königssprin"]
[Site "?"]
[Date "2023.03.19"]
[Round "7.4"]
[White "Skaanning-Pedersen, Kim Henrik"]
[Black "Wagner, Friedrich"]
[Result "1-0"]
[WhiteElo "2258"]
[BlackElo "2127"]
[PlyCount "135"]
[EventDate "2023.??.??"]

1. e4 c6 2. Nc3 d5 3. Qf3 dxe4 4. Nxe4 Nd7 5. b3 Ngf6 6. Bb2 Nxe4 7. Qxe4 e6 8. Nf3 Nf6 9. Qe2 Be7 10. g3 O-O 11. Bg2 Nd7 12. O-O Bf6 13. Bxf6 Qxf6 14. d4 c5 15. Rad1 Re8 16. Qe3 Qe7 17. Rd2 f6 18. Rfd1 Rb8 19. dxc5 Nxc5 20. b4 Na6 21. a3 Nc7 22. Qxa7 Ra8 23. Qe3 e5 24. c4 Be6 25. Ne1 Reb8 26. Nc2 Ne8 27. Bd5 Nc7 28. Bxe6+ Qxe6 29. Qc3 Qh3 30. Rd7 Ne6 31. Qf3 h5 32. Qg2 Qf5 33. Ne3 Qg6 34. Qd5 Re8 35. Rd6 f5 36. Qxe5 f4 37. Nf5 fxg3 38. hxg3 Rxa3 39. Qd5 Kh7 40. Nh4 Qg4 41. Qf5+ Qxf5 42. Nxf5 Rf8 43. Rxe6 Rxf5 44. Re7 b6 45. Rdd7 Rg5 46. Rd4 Rb3 47. b5 Rc3 48. Re6 Rf5 49. Rc6 Rc2 50. Rf4 Rxf4 51. gxf4 Rc1+ 52. Kg2 Rc3 53. f5 Rc1 54. Kg3 Rg1+ 55. Kh4 Rh1+ 56. Kg5 h4 57. Kg4 h3 58. Kg3 h2 59. Kg2 Rf1 60. Kxh2 Rxf2+ 61. Kg3 Rxf5 62. Rxb6 Kg8 63. Rc6 Rf1 64. b6 Kf7 65. c5 Rb1 66. Rc7+ Kf6 67. b7 Ke6 68. c6 1-0

[Event "OLNN 2223 Preetzer TSV - SC Königssprin"]
[Site "?"]
[Date "2023.03.19"]
[Round "7.5"]
[White "Langmann, Markus"]
[Black "Skibbe, Willi"]
[Result "0-1"]
[WhiteElo "2060"]
[BlackElo "2169"]
[PlyCount "106"]
[EventDate "2023.??.??"]

1. e4 e6 2. d4 d5 3. exd5 exd5 4. Bd3 c5 5. c3 c4 6. Bc2 Bd6 7. b3 cxb3 8. axb3 Nf6 9. Nf3 O-O 10. O-O Bg4 11. Bg5 Nbd7 12. h3 Bh5 13. c4 Qc7 14. Nc3 a6 15. c5 Bf4 16. Bxf4 Qxf4 17. Qd2 Qxd2 18. Nxd2 Nb8 19. g4 Bg6 20. Bxg6 hxg6 21. g5 Nh7 22. Nxd5 Nc6 23. Nb6 Rad8 24. d5 Nb4 25. d6 Nxg5 26. f4 Ne6 27. Ra4 Nd3 28. b4 Ndxf4 29. Kh2 Nd3 30. Nd5 g5 31. Ne4 f6 32. Ra3 Ndf4 33. Ne7+ Kf7 34. c6 bxc6 35. Rxa6 Rh8 36. Nxc6 Rxh3+ 37. Kg1 Rdh8 38. Ra7+ Kg6 39. Ne7+ Kh5 40. Kf2 Rh2+ 41. Ke1 Re2+ 42. Kd1 Rxe4 43. Rh1+ Kg4 44. Rxh8 Rd4+ 45. Kc1 Rxd6 46. Nc8 Rc6+ 47. Kd2 Nd4 48. Rd8 Rc2+ 49. Kd1 Rc4 50. Rb7 Nb3 51. Ke1 Kf3 52. Rbd7 Rc1+ 53. Rd1 Ng2+ 0-1